00509nam a2200157Ia 4500008004100000020001400041082001500055100001900070245007600089250000700165260004500172300004400217500001900261600002100280650005000301240925s9999 xx 000 0 und d a130112518 a004.62 RYV aRyvkin, Kostya 0aMCSE: internetworking with Microsoft TCP/IP on Microsoft windows NT 4.0 aNA aNew Jersey:bPrintice- Hall Int.c,1999. axxviii,290p.bNAfInternational Edition aIncludes Index aComputer Science aComputer science, information & general works